000 00883nam a22002537a 4500
001 695
003 UA-OsUOA
005 20191224091522.0
007 ta
008 20050624b un ||||| |||| 00| 0 ukr d
020 _a966-02-2839-2
040 _aUA-OsUOA
_bukr
_cUA-OsUOA
_dUA-OsUOA
041 _aukr
080 _a82.09
090 _a82.09
_bМ48
100 _aМельниченко І.
245 _aДалека путь моя, та марний поклик: творчість Карла Гінка Маха в контексті чеського і європейського романтизму 20-40-х рр. 19 ст.
260 _aК.
_bСтилос
_c2003
300 _a206 с.
650 7 _2UDC
_a82 Література. Літературознавство
942 _cBK
_2udc
955 _a1
999 _c286865
_d286865